[Event "Olimpiade 2014 - Open"]
[Site "Tromsø"]
[Date "12.08.2014"]
[Round "10.75"]
[Board "3"]
[White "Goundar, Sanmogam"]
[Black "Handjaba, Mclean"]
[Result "1-0"]
[WhiteTitle "CM"]
[BlackTitle "CM"]
[WhiteElo "1952"]
[BlackElo "2139"]
[WhiteTeam "Fiji"]
[BlackTeam "Namibia"]
[WhiteFideId "11400110"]
[BlackFideId "15200515"]
[EventDate "2014.08.02"]

1. e4 c5 2. Nc3 Nc6 3. Bb5 Nf6 4. Nf3 g6 5. O-O Bg7 6. d3 O-O 7. h3 a6 8. Ba4 b5
9. Bb3 d6 10. a4 b4 11. Nd5 Na5 12. c4 e6 13. Nxf6+ Bxf6 14. Qc2 Nc6 15. Bh6 Re8
16. Rfd1 Bd4 17. Bg5 f6 18. Be3 e5 19. Rf1 f5 20. Bxd4 exd4 21. Rae1 fxe4 22.
dxe4 Ra7 23. Qd3 Rae7 24. Nd2 Ne5 25. Qg3 Bb7 26. f4 Nf7 27. Bc2 Kh8 28. b3 Qa8
29. Qh4 Kg8 30. Rf3 Qd8 31. Qf2 Rc7 32. g4 Qe7 33. Kh2 d5 34. e5 dxc4 35. Nxc4
Bxf3 36. Qxf3 Nd8 37. f5 Rc6 38. Be4 Qc7 39. Bxc6 Qxc6 40. Qxc6 Nxc6 41. Kg3
gxf5 42. gxf5 d3 43. Kf4 Nd4 44. e6 Kg7 45. Re3 Nxb3 46. Rxd3 Nd4 47. Nd6 Re7
48. Ne4 Nxe6+ 49. fxe6 Rxe6 50. Nxc5 Rc6 51. Nb3 Rc4+ 52. Ke5 Rh4 53. Kd5 Kf6
54. Kc5 Ke5 55. Kb6 Rh6+ 56. Ka5 Ke4 57. Nc5+ Ke5 58. Nxa6 Ke4 59. Nc5+ Ke5 60.
Kxb4 Rb6+ 61. Kc4 Rb1 62. a5 Ra1 63. a6 Ra5 64. Kb4 Ra1 65. Na4 Rb1+ 66. Rb3 Rg1
67. a7 1-0

[Event "Olimpiade 2014 - Open"]
[Site "Tromsø"]
[Date "12.08.2014"]
[Round "10.75"]
[Board "4"]
[White "Oberholzer, Rex"]
[Black "Sikivou, Taione"]
[Result "0-1"]
[WhiteElo "2099"]
[BlackElo "1817"]
[WhiteTeam "Namibia"]
[BlackTeam "Fiji"]
[WhiteFideId "15200035"]
[BlackFideId "11400153"]
[EventDate "2014.08.02"]

1. e4 c6 2. c4 d5 3. cxd5 cxd5 4. exd5 Nf6 5. Qa4+ Nbd7 6. Nc3 g6 7. Nf3 Bg7 8.
Bc4 a6 9. d3 O-O 10. Qa3 b6 11. O-O Bb7 12. Be3 b5 13. Bb3 Nb6 14. Bc5 Re8 15.
Rfe1 Bf8 16. d6 e6 17. d7 Nfxd7 18. Bxf8 Rxf8 19. Re3 Nf6 20. Qb4 Nfd5 21. Nxd5
Nxd5 22. Bxd5 Qxd5 23. Qf4 Rac8 24. d4 Rc2 25. b3 Rfc8 26. Re5 Qc6 27. h3 Rc1+
28. Re1 Rxa1 29. Rxa1 Qc3 30. Re1 Bxf3 0-1

[Event "Olimpiade 2014 - Open"]
[Site "Tromsø"]
[Date "12.08.2014"]
[Round "10.76"]
[Board "1"]
[White "Masrhi, Abdulrahman A"]
[Black "Meier, Peter"]
[Result "0-1"]
[WhiteElo "1746"]
[BlackElo "2039"]
[WhiteTeam "Saudi Arabia"]
[BlackTeam "Seychelles"]
[WhiteFideId "21501564"]
[BlackFideId "9800158"]
[EventDate "2014.08.02"]

1. d4 d6 2. Bf4 g6 3. Nf3 Bg7 4. e3 Nf6 5. h3 O-O 6. Be2 c5 7. c3 b6 8. O-O Ba6
9. Re1 Bxe2 10. Rxe2 Nbd7 11. e4 Nh5 12. Bh2 Bh6 13. e5 Nf4 14. Re4 dxe5 15.
dxe5 Ne6 16. c4 Nb8 17. Nc3 Nc6 18. Qa4 Ncd4 19. Rd1 Nxf3+ 20. gxf3 Nd4 21. Nb5
Qd7 22. Rexd4 cxd4 23. Rxd4 Qxh3 24. Qd1 Qc8 25. Nc3 e6 26. Ne4 Bg7 27. Nd6 Qc6
28. Bg3 f6 29. f4 Rad8 30. Qg4 f5 31. Qe2 Rd7 32. Bh4 h6 33. b3 g5 34. fxg5 Qc5 0-1

[Event "Olimpiade 2014 - Open"]
[Site "Tromsø"]
[Date "12.08.2014"]
[Round "10.76"]
[Board "2"]
[White "Meier, Kurt"]
[Black "Al Habeeb, Emad"]
[Result "0-1"]
[WhiteTitle "CM"]
[WhiteElo "1944"]
[BlackElo "2044"]
[WhiteTeam "Seychelles"]
[BlackTeam "Saudi Arabia"]
[WhiteFideId "1307398"]
[BlackFideId "21500029"]
[EventDate "2014.08.02"]

1. e4 e6 2. d4 d5 3. Nd2 c5 4. Ngf3 Qb6 5. c3 Nc6 6. exd5 exd5 7. Nb3 c4 8. Nbd2
Nf6 9. Be2 Bd6 10. O-O O-O 11. b3 Qa5 12. Bb2 b5 13. a4 Be6 14. axb5 Qxb5 15.
Ba3 Bxa3 16. Rxa3 h6 17. bxc4 dxc4 18. Qa4 Qxa4 19. Rxa4 Nd5 20. Rc1 Nb6 21. Ra6
Rac8 22. Ne1 Rc7 23. Bf3 Nb8 24. Ra3 Re8 25. Nc2 Bd5 26. Ne3 Bxf3 27. Nxf3 N8d7
28. g3 Nf6 29. Rca1 Ree7 30. Ne5 Nfd5 31. Nxd5 Nxd5 32. Kf1 Kf8 33. Rb1 Nb6 34.
f4 Ke8 35. Kf2 f6 36. Ng6 Rf7 37. Ra5 Kd7 38. f5 Nc8 39. Re1 Nd6 40. g4 Rb7 41.
Re6 Nb5 42. Re3 Kc6 43. Ra1 Kb6 44. Re6+ Kc7 45. Ra4 Nd6 46. Ra6 Rd7 47. Nf8 Rd8
48. Ng6 Rb2+ 49. Ke3 Rb7 50. Nf4 Nb5 51. Rac6+ Kb8 52. Rxc4 a5 53. Kd3 Rd6 54.
Rxd6 Nxd6 55. Ra4 Ra7 56. c4 Kb7 57. Ne6 Kb6 58. Nc5 h5 59. h3 hxg4 60. hxg4 Nf7
61. Ne4 Nh6 62. Nf2 Ra8 63. d5 Re8 64. Ra2 Nf7 65. Kd4 Re1 66. c5+ Ka6 67. d6
Ne5 68. Nd3 Rd1 69. Ra3 Kb5 70. Ke4 Nc6 71. Nf2 Rd4+ 72. Ke3 Kxc5 73. Rxa5+ Nxa5
74. Ne4+ Rxe4+ 75. Kxe4 Kxd6 76. Kf4 Nc4 77. g5 Ke7 78. gxf6+ gxf6 79. Ke4 Kd6
80. Kd4 Ne5 81. Ke4 Kc5 82. Ke3 Kd5 83. Kf4 Kd4 84. Kg3 Ke4 85. Kf2 Kxf5 86. Kg3
Ke4 87. Kf2 f5 88. Kg3 f4+ 89. Kf2 Ng4+ 90. Kf1 f3 91. Ke1 Ke3 92. Kf1 f2 93.
Kg2 Ke2 0-1

[Event "Olimpiade 2014 - Open"]
[Site "Tromsø"]
[Date "12.08.2014"]
[Round "10.76"]
[Board "3"]
[White "Al Mutairi, Hassan S"]
[Black "Pillay, Ragul"]
[Result "0-1"]
[WhiteElo "2075"]
[BlackElo "1312"]
[WhiteTeam "Saudi Arabia"]
[BlackTeam "Seychelles"]
[WhiteFideId "21500193"]
[BlackFideId "9800174"]
[EventDate "2014.08.02"]

1. d4 d5 2. Bf4 Nf6 3. e3 Bf5 4. Nf3 c6 5. c4 e6 6. Qb3 Qa5+ 7. Nc3 Bb4 8. Rc1
Ne4 9. Be2 Nd7 10. O-O O-O 11. cxd5 cxd5 12. Nxe4 Bxe4 13. a3 Be7 14. Qxb7 Qd8
15. Rc7 Rb8 16. Qxa7 Ra8 17. Qb7 Rb8 18. Qc6 Rc8 19. Qxd7 Rxc7 20. Qxc7 Qxc7 21.
Bxc7 Rc8 22. Ba5 Rc2 23. Bd1 Rxb2 24. a4 f6 25. Bc3 Ra2 26. a5 g5 27. h3 h5 28.
Ne1 Ra3 29. Bb2 Rxa5 30. Bxh5 Ra2 31. f3 Bh7 32. Bc1 Bb4 33. e4 Ra1 34. Nd3 Ba5
35. Bg4 f5 36. exf5 exf5 37. Bh5 f4 38. Nc5 Bc3 39. Ne6 Bd3 40. Rf2 Rxc1+ 41.
Kh2 Be1 42. Nxg5 Bxf2 43. g4 Bg3+ 44. Kg2 Bf1+ 0-1

[Event "Olimpiade 2014 - Open"]
[Site "Tromsø"]
[Date "12.08.2014"]
[Round "10.77"]
[Board "1"]
[White "Righi, Ezio"]
[Black "Mdoe, Yusuf"]
[Result "0-1"]
[WhiteTitle "CM"]
[WhiteElo "2085"]
[BlackElo "1707"]
[WhiteTeam "San Marino"]
[BlackTeam "Tanzania"]
[WhiteFideId "11800038"]
[BlackFideId "10002235"]
[EventDate "2014.08.02"]

1. e4 c5 2. Nf3 d6 3. d4 cxd4 4. Nxd4 e6 5. Nc3 Nf6 6. Be2 Be7 7. O-O O-O 8. Be3
a6 9. f4 Nbd7 10. g4 Nc5 11. Bd3 e5 12. Nf5 Bxf5 13. exf5 e4 14. Bc4 b5 15. Bd5
Nxd5 16. Nxd5 Rc8 17. g5 f6 18. Qd2 Qe8 19. Rad1 Rd8 20. Qd4 b4 21. Qxb4 Rd7 22.
Qc4 Kh8 23. b4 Nb7 24. Qxe4 Nd8 25. Rfe1 fxg5 26. fxg5 Nc6 27. Nxe7 Rxe7 28. Qf4
Re4 29. Qf2 Nxb4 30. c3 Rg4+ 31. Kf1 Qb5+ 32. Re2 Rxf5 33. cxb4 Rxf2+ 34. Bxf2
Rxg5 35. Rxd6 h6 36. Bc5 a5 37. a3 Qc4 38. Re6 Qc1+ 39. Kf2 Qxa3 40. Bd4 Qxb4
41. Rxh6+ Kg8 42. Rh4 Qf8+ 43. Ke3 a4 44. Re4 a3 45. Kd3 Qb4 46. Re8+ Kh7 47.
R2e4 Qb3+ 48. Bc3 Rd5+ 49. Rd4 Qb5+ 0-1

[Event "Olimpiade 2014 - Open"]
[Site "Tromsø"]
[Date "12.08.2014"]
[Round "10.78"]
[Board "1"]
[White "Asefi, Zaheeruddeen"]
[Black "Drayton, Anthony"]
[Result "1-0"]
[WhiteTitle "FM"]
[WhiteElo "1996"]
[BlackElo "1828"]
[WhiteTeam "Afghanistan"]
[BlackTeam "Guyana"]
[WhiteFideId "11700025"]
[BlackFideId "19700261"]
[EventDate "2014.08.02"]

1. d4 d5 2. c4 e6 3. Nc3 Nf6 4. Nf3 Be7 5. Bf4 c6 6. e3 O-O 7. Rc1 h6 8. Bd3
dxc4 9. Bxc4 b5 10. Bb3 Nbd7 11. O-O a6 12. Nd2 Bb7 13. Qf3 Qb6 14. Qh3 c5 15.
Nf3 cxd4 16. Nxd4 Nc5 17. Bc2 b4 18. Na4 Nxa4 19. Bxa4 Rfc8 20. Rxc8+ Rxc8 21.
Bb3 Bd5 22. Be5 Bxb3 23. Nxb3 Nh7 24. Bd4 Qb5 25. Qf3 Ng5 26. Qg4 Qf5 27. Qxf5
exf5 28. Rc1 Rxc1+ 29. Nxc1 Ne6 30. Bb6 f4 31. Nd3 fxe3 32. fxe3 Kf8 33. Kf2 Bd6
34. h3 Ke7 35. b3 Kd7 36. Ba5 Nc5 37. Nxb4 Ne4+ 38. Ke2 Bxb4 39. Bxb4 g6 40. Kd3
f5 41. Bf8 h5 42. Kc4 Kc6 43. b4 Nf6 44. a4 Nd7 45. b5+ axb5+ 46. axb5+ Kc7 47.
Bc5 g5 48. Kd5 Nf6+ 49. Ke6 Ne4 50. Bd4 g4 51. h4 Kd8 52. b6 Kc8 53. Kxf5 Nd6+
54. Kg6 Kd7 55. Kxh5 Ke6 56. Kxg4 Kf7 57. h5 1-0

[Event "Olimpiade 2014 - Open"]
[Site "Tromsø"]
[Date "12.08.2014"]
[Round "10.78"]
[Board "2"]
[White "Greenidge, Ronuel"]
[Black "Kooshani, Mahbuboollah"]
[Result "0-1"]
[BlackTitle "FM"]
[WhiteElo "1630"]
[BlackElo "2036"]
[WhiteTeam "Guyana"]
[BlackTeam "Afghanistan"]
[WhiteFideId "19700075"]
[BlackFideId "11700084"]
[EventDate "2014.08.02"]

1. c4 e6 2. Nc3 Nf6 3. Nf3 d5 4. cxd5 exd5 5. e3 Nbd7 6. Be2 c6 7. O-O Bd6 8. d3
O-O 9. e4 dxe4 10. dxe4 Qe7 11. Re1 Ne5 12. Bg5 Nxf3+ 13. Bxf3 Qe5 14. g3 Qxg5
15. Qxd6 Bh3 16. e5 Rfd8 17. Qb4 Qf5 18. Qh4 Qxf3 19. Qxh3 Ng4 20. Ne4 h6 21.
Qh5 Rd5 22. Qh3 Rxe5 23. Qg2 Qxg2+ 24. Kxg2 Rae8 25. f3 Nxh2 26. Kxh2 f5 27.
Nf6+ gxf6 28. Rxe5 fxe5 29. Rd1 e4 30. Kg2 Kf7 31. Rd7+ Re7 32. Rd6 Kg7 33. f4
Rc7 34. Kf2 b6 35. Ke3 c5 36. Kd2 h5 37. Ke2 c4 38. Kd2 Kh7 39. a4 Rg7 40. Rf6
Rxg3 41. Rxf5 Kg6 42. Re5 Rd3+ 43. Ke1 e3 44. Re4 c3 45. bxc3 Rxc3 46. Re7 Kf5
47. Ke2 a5 48. Re5+ Kxf4 49. Rxh5 Rc2+ 50. Kd1 Rd2+ 51. Ke1 Ra2 52. Rb5 Kf3 53.
Rf5+ Ke4 54. Rb5 Kd3 55. Rb3+ Kd4 56. Rxb6 Rxa4 57. Rb8 Ra2 58. Rd8+ Kc4 59.
Rc8+ Kb4 60. Rb8+ Ka4 61. Re8 e2 62. Re4+ Kb3 63. Re3+ Kc4 64. Re8 a4 65. Rc8+
Kb3 66. Rb8+ Ka3 67. Re8 Rc2 68. Rb8 Ka2 69. Rb4 a3 70. Rb8 Ka1 71. Rb3 a2 72.
Kf2 Rb2 73. Rh3 Kb1 74. Rh1+ Kc2 75. Ra1 Kb3 76. Re1 Rb1 0-1

[Event "Olimpiade 2014 - Open"]
[Site "Tromsø"]
[Date "12.08.2014"]
[Round "10.78"]
[Board "3"]
[White "Ahmadi, Zabiullah"]
[Black "Su, Haifeng"]
[Result "1/2-1/2"]
[WhiteElo "2031"]
[BlackElo "1724"]
[WhiteTeam "Afghanistan"]
[BlackTeam "Guyana"]
[WhiteFideId "11700033"]
[BlackFideId "19700202"]
[EventDate "2014.08.02"]

1. e4 c6 2. d4 d5 3. Nc3 dxe4 4. Nxe4 Bf5 5. Ng3 Bg6 6. Nf3 Nd7 7. h4 h6 8. Bd3
Bxd3 9. Qxd3 Ngf6 10. Be3 Qa5+ 11. Bd2 Qc7 12. O-O-O e6 13. Kb1 Be7 14. Rhe1 b5
15. Ne5 Nxe5 16. dxe5 Nd5 17. h5 a5 18. f4 O-O-O 19. Qf3 Bh4 20. Qg4 Bxg3 21.
Qxg3 b4 22. c4 bxc3 23. Bxc3 Nxc3+ 24. Qxc3 Rd5 25. Rc1 Kd7 26. Re4 Qb6 27. Rc4
Rc8 28. Qc2 Qb5 29. g4 c5 30. b3 Ke7 31. Ka1 Qd7 32. Qc3 Qb5 33. f5 exf5 34.
gxf5 Qb8 35. f6+ gxf6 36. exf6+ Kf8 37. Re1 Qd6 38. Kb2 Rxh5 1/2-1/2

[Event "Olimpiade 2014 - Open"]
[Site "Tromsø"]
[Date "12.08.2014"]
[Round "10.78"]
[Board "4"]
[White "Varona-Thomas, Maria"]
[Black "Sarwary, Hamidullah"]
[Result "1-0"]
[WhiteElo "1777"]
[BlackElo "1920"]
[WhiteTeam "Guyana"]
[BlackTeam "Afghanistan"]
[WhiteFideId "19700288"]
[BlackFideId "11700580"]
[EventDate "2014.08.02"]

1. e4 c5 2. Nf3 Nc6 3. d4 cxd4 4. Nxd4 e5 5. Nf3 Nf6 6. Nc3 Be7 7. Bd3 d6 8. h3
O-O 9. a3 Kh8 10. O-O Be6 11. Qe2 Rc8 12. Be3 a6 13. Rfd1 Qc7 14. Rd2 Rfd8 15.
Na4 Nd7 16. b4 b5 17. Nb2 Nf6 18. Rc1 d5 19. exd5 Bxd5 20. Bf5 Rb8 21. c4 bxc4
22. Nxc4 e4 23. Ng5 Ne5 24. Rxd5 Rxd5 25. Nxe5 Qxe5 26. Nxf7+ Kg8 27. Nxe5 Rxe5
28. Bxh7+ Nxh7 29. Bf4 Reb5 30. Bxb8 Rxb8 31. Qxe4 Bf6 32. Qe6+ Kh8 33. Rc8+ 1-0

[Event "Olimpiade 2014 - Open"]
[Site "Tromsø"]
[Date "12.08.2014"]
[Round "10.79"]
[Board "2"]
[White "Marko, Helmut"]
[Black "Kouevi, Mawuvi Koue"]
[Result "1-0"]
[WhiteTitle "CM"]
[WhiteElo "1953"]
[BlackElo "1841"]
[WhiteTeam "Papua New Guinea"]
[BlackTeam "Togo"]
[WhiteFideId "9100032"]
[BlackFideId "21200041"]
[EventDate "2014.08.02"]

1. Nf3 d5 2. c4 d4 3. b4 g6 4. Bb2 Bg7 5. g3 e5 6. d3 Ne7 7. Bg2 O-O 8. O-O c6
9. e3 b6 10. exd4 exd4 11. Nbd2 Bb7 12. Nb3 Nf5 13. Re1 Na6 14. Ba3 Re8 15. Re2
Nc7 16. Bb2 Rxe2 17. Qxe2 Ne6 18. a4 c5 19. bxc5 bxc5 20. Ba3 Qc7 21. Bc1 Rb8
22. Nbd2 a5 23. Qd1 Bc6 24. Ne1 Bxg2 25. Nxg2 Qc6 26. Ne4 Nd6 27. Nxd6 Qxd6 28.
Bd2 Qc7 29. Rb1 Ra8 30. Rb5 Nd8 31. Qf3 Ra7 32. Nf4 Nb7 33. Nd5 Qd7 34. Nf6+
Bxf6 35. Qxf6 Qe6 36. Qxe6 fxe6 37. Bf4 Nd8 38. Rb8 Rb7 39. Rxd8+ Kf7 40. Rb8
Rb4 41. Rxb4 cxb4 42. Kf1 Kf6 43. Ke1 e5 44. Bh6 g5 45. g4 Kg6 46. c5 b3 47. Kd1
Kf6 48. Bxg5+ Ke6 49. f3 Kd5 50. Be7 h6 51. Kc1 Ke6 52. Bd6 Kd5 53. Kb2 1-0

[Event "Olimpiade 2014 - Open"]
[Site "Tromsø"]
[Date "12.08.2014"]
[Round "10.81"]
[Board "1"]
[White "Hernandez, Roberto PLW"]
[Black "Kabera, Godfrey"]
[Result "0-1"]
[BlackTitle "CM"]
[WhiteElo "1845"]
[BlackElo "1909"]
[WhiteTeam "Palau"]
[BlackTeam "Rwanda"]
[WhiteFideId "16600010"]
[BlackFideId "16000080"]
[EventDate "2014.08.02"]

1. f4 d5 2. Nf3 c5 3. e3 Bg4 4. d4 e6 5. Bb5+ Nd7 6. O-O Bxf3 7. Qxf3 f5 8. c4
Nf6 9. Nc3 a6 10. Bxd7+ Qxd7 11. b3 Be7 12. dxc5 dxc4 13. Na4 Rd8 14. Ba3 Qc6
15. Qxc6+ bxc6 16. bxc4 Rd3 17. Bb2 Rxe3 18. Be5 Ra3 19. Rab1 Kf7 20. Nc3 Ng4
21. Bd4 Rd8 22. Ne2 Rxa2 23. Nc3 Rc2 24. Nd5 exd5 25. h3 Rxc4 26. hxg4 Rxd4 27.
Rb7 fxg4 28. Re1 Re4 29. Ra1 g3 30. Kf1 Re8 31. Rxa6 Kg6 32. Rxc6+ Bf6 33. Rb1
Rxf4+ 34. Kg1 Kg5 35. Rxf6 gxf6 36. c6 Rfe4 37. Kf1 Rc4 38. Rd1 d4 39. c7 d3 40.
c8=Q Rcxc8 41. Ra1 d2 0-1

[Event "Olimpiade 2014 - Open"]
[Site "Tromsø"]
[Date "12.08.2014"]
[Round "10.81"]
[Board "3"]
[White "Gonzales, Dennis"]
[Black "Murara, Maxence"]
[Result "0-1"]
[WhiteElo "1720"]
[BlackElo "1729"]
[WhiteTeam "Palau"]
[BlackTeam "Rwanda"]
[WhiteFideId "16600150"]
[BlackFideId "16000013"]
[EventDate "2014.08.02"]

1. d4 Nf6 2. c4 e6 3. Bg5 d5 4. e3 c5 5. Nc3 cxd4 6. Qxd4 Nc6 7. Qd2 Be7 8. Nf3
h6 9. Bxf6 Bxf6 10. cxd5 exd5 11. Nxd5 O-O 12. Bc4 Bg4 13. Nxf6+ Qxf6 14. Be2
Rfd8 15. Qc3 Qe7 16. O-O Rac8 17. Qb3 Rd6 18. Rac1 Rg6 19. g3 Rf6 20. Nd4 Nxd4
21. Rxc8+ Bxc8 22. exd4 Qxe2 23. Qe3 Qxe3 24. fxe3 Rxf1+ 25. Kxf1 g5 26. Kf2 Be6
27. a3 Bd5 28. Ke2 f5 29. Kd3 h5 30. Kc3 Kf7 31. Kb4 Ke6 32. Kc5 Bc6 33. b3 Kd7
34. a4 b6+ 35. Kc4 Kd6 36. h3 a6 37. h4 gxh4 38. gxh4 b5+ 39. axb5 Bxb5+ 40. Kc3
Kd5 41. Kd2 Ke4 42. b4 Kf3 43. d5 Kg4 44. Ke1 Kxh4 45. Kf2 Kg4 46. Kg2 h4 47.
Kh2 Kf3 48. Kh3 Kxe3 49. Kxh4 f4 0-1

[Event "Olimpiade 2014 - Open"]
[Site "Tromsø"]
[Date "12.08.2014"]
[Round "10.85"]
[Board "1"]
[White "Predojevic, Borki"]
[Black "Obodchuk, Andrei"]
[Result "1-0"]
[WhiteTitle "GM"]
[BlackTitle "IM"]
[WhiteElo "2604"]
[BlackElo "2372"]
[WhiteTeam "Bosnia & Herzegovina"]
[BlackTeam "IPCA"]
[WhiteFideId "930849"]
[BlackFideId "4114310"]
[EventDate "2014.08.02"]

1. Nf3 Nf6 2. c4 g6 3. g3 Bg7 4. Bg2 O-O 5. O-O d5 6. cxd5 Nxd5 7. Nc3 Nb6 8. d4
Nc6 9. e3 Re8 10. Nh4 a5 11. f4 a4 12. Rf2 Nb4 13. Ne4 c6 14. Nc5 N4d5 15. Nf3
Nc7 16. Qc2 Ra7 17. Bd2 Nb5 18. Rc1 a3 19. b3 Bf5 20. Qd1 Nd7 21. Nxd7 Bxd7 22.
Ne5 Nd6 23. Bb4 Bf5 24. Rd2 Be4 25. Bxd6 Bxg2 26. Bc5 1-0

[Event "Olimpiade 2014 - Open"]
[Site "Tromsø"]
[Date "12.08.2014"]
[Round "10.85"]
[Board "2"]
[White "Yarmonov, Igor"]
[Black "Stojanovic, Dalibor"]
[Result "0-1"]
[WhiteTitle "IM"]
[BlackTitle "GM"]
[WhiteElo "2329"]
[BlackElo "2503"]
[WhiteTeam "IPCA"]
[BlackTeam "Bosnia & Herzegovina"]
[WhiteFideId "14114496"]
[BlackFideId "922692"]
[EventDate "2014.08.02"]

1. d4 Nf6 2. Nf3 g6 3. c4 Bg7 4. Nc3 O-O 5. e4 d6 6. Be2 e5 7. O-O Nbd7 8. Be3
Re8 9. dxe5 dxe5 10. b4 Nh5 11. g3 c6 12. Qc2 Qe7 13. a3 Nf8 14. Nd2 Bh3 15.
Rfd1 Ne6 16. Nb3 Nhf4 17. f3 Nxe2+ 18. Qxe2 f5 19. Rd3 f4 20. Bf2 Qg5 21. Rad1
fxg3 22. hxg3 Nf4 23. Qe3 Bh6 24. Rd6 Be6 25. Nc5 Bxc4 26. Qe1 Bf8 27. Nxb7 Bxd6
28. Nxd6 Bb3 29. Nxe8 Bxd1 30. Nxd1 Rxe8 31. Be3 Nd3 32. Bxg5 Nxe1 33. Kf2 Nc2
34. Bc1 Rd8 35. Ne3 Nxe3 36. Bxe3 Kf7 37. Ke2 a6 38. Bg5 Rd7 39. Bc1 Ke6 40. Bg5
Rc7 41. Be3 Kf6 42. Kd3 Rd7+ 43. Ke2 h5 44. Bc1 g5 45. Bb2 Ke6 0-1

[Event "Olimpiade 2014 - Open"]
[Site "Tromsø"]
[Date "12.08.2014"]
[Round "10.85"]
[Board "3"]
[White "Kadric, Denis"]
[Black "Vodyasov, Evgeny"]
[Result "1-0"]
[WhiteTitle "IM"]
[BlackTitle "IM"]
[WhiteElo "2473"]
[BlackElo "2226"]
[WhiteTeam "Bosnia & Herzegovina"]
[BlackTeam "IPCA"]
[WhiteFideId "14403803"]
[BlackFideId "4135164"]
[EventDate "2014.08.02"]

1. e4 e6 2. d4 d5 3. Nd2 Nf6 4. e5 Nfd7 5. f4 c5 6. c3 Nc6 7. Ndf3 Qb6 8. a3 a5
9. b3 Be7 10. h4 f6 11. Bd3 cxd4 12. cxd4 O-O 13. Ne2 Kh8 14. Bb1 Rf7 15. Qd3
Nf8 16. h5 Bd7 17. Nh4 fxe5 18. Ng6+ Kg8 19. Nxf8 Kxf8 20. Qxh7 Ke8 21. Bg6 Bf8
22. Qg8 Nd8 23. fxe5 Bb5 24. Rf1 Qc7 25. Bg5 Bxe2 26. Kxe2 1-0

[Event "Olimpiade 2014 - Open"]
[Site "Tromsø"]
[Date "12.08.2014"]
[Round "10.85"]
[Board "4"]
[White "Valenta, Vit"]
[Black "Marjanovic, Dejan"]
[Result "1/2-1/2"]
[WhiteTitle "FM"]
[BlackTitle "FM"]
[WhiteElo "2132"]
[BlackElo "2373"]
[WhiteTeam "IPCA"]
[BlackTeam "Bosnia & Herzegovina"]
[WhiteFideId "307440"]
[BlackFideId "14402661"]
[EventDate "2014.08.02"]

1. b4 e5 2. Bb2 d6 3. g3 f5 4. Bg2 Nf6 5. d3 Be7 6. Nf3 O-O 7. O-O Kh8 8. c4 Qe8
9. Nc3 c6 10. e4 Na6 11. a3 fxe4 12. dxe4 Be6 13. Qe2 Qh5 14. Nd2 Qh6 15. Bc1 g5
16. Nf3 Ng8 17. Nh4 Qf6 18. Nf5 Qf7 19. Ne3 Nf6 20. Ncd1 Nd7 21. Bb2 Nb6 22. Rc1
Bf6 23. f3 Bg7 24. Nf2 Nc7 25. Rfd1 Rad8 26. Qc2 Rd7 27. Nd3 Kg8 28. a4 Rfd8 29.
a5 Nc8 30. Rf1 Ne7 31. f4 gxf4 32. gxf4 Bh6 33. Qf2 exf4 34. Nxf4 Ng6 35. Nxe6
Qxf2+ 36. Kxf2 Bxe3+ 37. Kxe3 Nxe6 38. Bh3 Re8 39. Rcd1 d5 40. cxd5 cxd5 41. Rf6
d4+ 42. Bxd4 Rxd4 43. Rxe6 Rxd1 44. Rxe8+ Kg7 45. Rb8 Ne5 46. Rxb7+ Kf6 47. Rxh7
Rd3+ 48. Ke2 Rb3 49. Bf5 Rxb4 50. h3 Nf7 51. a6 Ra4 52. Bc8 Rxe4+ 53. Kd3 Ra4
54. Rh5 Ne5+ 55. Kd2 Nc4+ 56. Kc3 Nd6 57. Rh6+ Ke5 58. Bb7 Rc4+ 59. Kd3 Rb4 60.
Rh7 Rb3+ 61. Kc2 Rb6 62. Rh5+ Kf4 63. Rh7 Nxb7 64. axb7 1/2-1/2

[Event "Olimpiade 2014 - Open"]
[Site "Tromsø"]
[Date "12.08.2014"]
[Round "10.86"]
[Board "1"]
[White "Iturrizaga Bonelli, Eduardo"]
[Black "Dukaczewski, Piotr"]
[Result "1-0"]
[WhiteTitle "GM"]
[BlackTitle "IM"]
[WhiteElo "2653"]
[BlackElo "2288"]
[WhiteTeam "Venezuela"]
[BlackTeam "IBCA"]
[WhiteFideId "3901211"]
[BlackFideId "1103520"]
[EventDate "2014.08.02"]

1. Nf3 d5 2. c4 d4 3. b4 g6 4. d3 Bg7 5. g3 a5 6. b5 b6 7. Bg2 Bb7 8. O-O Nd7 9.
Bb2 e5 10. e3 Nc5 11. exd4 exd4 12. Ba3 Ne7 13. Bxc5 bxc5 14. a4 O-O 15. Nbd2
Qd6 16. Re1 Nf5 17. Nh4 Bxg2 18. Nxf5 gxf5 19. Kxg2 Bh6 20. Nf3 c6 21. Nh4 cxb5
22. Nxf5 Qf6 23. Ne7+ Kh8 24. Nd5 Qf5 25. axb5 Rfd8 26. Ne7 Qg5 27. Nc6 Rd6 28.
Rxa5 Rg8 29. Ra6 Qf6 30. Qf3 Qxf3+ 31. Kxf3 Rf6+ 32. Kg2 Bd2 33. Re2 Bc3 34. Ne7
Rxa6 35. bxa6 Ra8 36. Ra2 1-0

[Event "Olimpiade 2014 - Open"]
[Site "Tromsø"]
[Date "12.08.2014"]
[Round "10.86"]
[Board "2"]
[White "Meshkov, Yuri A."]
[Black "Ynojosa Aponte, Felix Jose"]
[Result "0-1"]
[WhiteTitle "IM"]
[BlackTitle "IM"]
[WhiteElo "2357"]
[BlackElo "2448"]
[WhiteTeam "IBCA"]
[BlackTeam "Venezuela"]
[WhiteFideId "4107101"]
[BlackFideId "3900258"]
[EventDate "2014.08.02"]

1. c4 c5 2. g3 Nf6 3. Bg2 e6 4. Nf3 Nc6 5. O-O Be7 6. d4 cxd4 7. Nxd4 O-O 8. Nc3
d5 9. cxd5 Nxd5 10. Nxd5 exd5 11. Be3 Be6 12. Rc1 Qd7 13. Nxc6 bxc6 14. Bc5 Rfc8
15. Qd2 h6 16. Rc2 Bg5 17. e3 h5 18. Qd4 Rab8 19. b3 Bf6 20. Qf4 a5 21. Rfc1 Bf5
22. Rd2 Qe6 23. h4 Ra8 24. Bf3 a4 25. Bd4 Be7 26. Bc5 Bf6 27. bxa4 Be5 28. Qb4
Rcb8 29. Qa3 Bg6 30. a5 Qf6 31. Kg2 Bb2 32. Rxb2 Qxb2 33. Qxb2 Rxb2 34. Bb6 Bc2
35. a3 g6 36. g4 hxg4 37. Bxg4 f5 38. Bf3 Ra2 39. Kg3 Ba4 40. Rc3 Bb5 41. Rc5
Rd2 42. Rc1 Kh7 43. Rb1 Rf8 44. Rxb5 cxb5 45. a6 f4+ 46. Kg4 fxe3 47. fxe3 Rd3
48. Bc5 Rf6 49. Be2 Rb3 50. Bd1 Rc3 51. Bd4 Rc4 52. a7 Ra6 53. Bf3 Rxa7 54. Bxd5
Rxa3 55. h5 gxh5+ 56. Kxh5 Rxd4 57. exd4 b4 0-1

[Event "Olimpiade 2014 - Open"]
[Site "Tromsø"]
[Date "12.08.2014"]
[Round "10.86"]
[Board "3"]
[White "Rohl Montes, Juan Armando"]
[Black "Stachanczyk, Jacek"]
[Result "1/2-1/2"]
[WhiteTitle "IM"]
[BlackTitle "FM"]
[WhiteElo "2390"]
[BlackElo "2299"]
[WhiteTeam "Venezuela"]
[BlackTeam "IBCA"]
[WhiteFideId "3900487"]
[BlackFideId "1116657"]
[EventDate "2014.08.02"]

1. e4 c5 2. Nf3 d6 3. Bb5+ Nc6 4. O-O Nf6 5. c3 Bd7 6. Re1 a6 7. Bxc6 Bxc6 8. d4
Bxe4 9. Bg5 Bd5 10. Nbd2 e6 11. c4 Bxf3 12. Qxf3 cxd4 13. Bxf6 gxf6 14. Qxb7 Rb8
15. Qxa6 Rxb2 16. Nb3 Bg7 17. Qa3 Rc2 18. Nxd4 Rxc4 19. Nf5 O-O 20. Nxd6 Rc6 21.
Rad1 Qa8 22. Qb3 f5 23. Nb5 Rfc8 24. a4 Ra6 25. Rd7 Qc6 26. Red1 Rf8 27. h3 h6
28. R7d6 Qb7 29. Rd7 Qc6 30. R7d6 1/2-1/2